Statistics for 10 Most Populated Cities In A Country Beginning With 'B'-

Click here to take the quiz!

General Stats

  • This quiz has been taken 20 times
  • The average score is 5 of 10

Answer Stats

PopAnswer% Correct
11.1 MillionRio De Janeiro
94%
19.1 MillionSao Paulo
94%
4.6 MillionBelo Horizonte
67%
3.1 MillionFortaleza
56%
7.3 MillionDhaka
50%
3.4 MillionPorto Alegre
50%
3.5 MillionRecife
44%
3 MillionSalvador
44%
2.9 MillionCuritiba
28%
2.4 MillionCampinas
6%

Score Distribution

Percentile by Number Answered

Percent of People with Each Score

Your Score History

You have not taken this quiz